Úvod

Guardado en:
Detalles Bibliográficos
Autor principal: Szabo, Ľuboslav
Formato: Capítulo de libro
Lenguaje:eslovaco
Etiquetas: Agregar Etiqueta
Sin Etiquetas, Sea el primero en etiquetar este registro!

MARC

LEADER 00000naa$a2200000$$$4500
001 0224745
005 20240502073700.3
041 0 |a slo 
044 |a SK 
245 1 0 |a Úvod  |c Ľuboslav Szabo 
100 1 |a Szabo, Ľuboslav